Equal opportunities international

Detalles Bibliográficos
Nuevo Título:Equality, diversity and inclusion
Formato: Electrónico Revista
Lenguaje:inglés
Publicado: Bradford, England : Emerald Group Pub., 1981-2009.
Materias:
Acceso en línea:Full text available from Research Library: 01/01/1992 to 12/31/2009

MARC

LEADER 00000nas a2200000 a 4500
001 ssj0011036
003 WaSeSS
005 20200512172242.0
006 m d
007 cr n
008 001020d19812009enkbx pss 0 a0eng c
010 |a  00252549  
016 7 |a 012432854  |2 Uk 
022 |a 1758-7093  |l 0261-0159  |y 0261-0159 
035 |a (WaSeSS)ssj0011036 
037 |b Emerald Group Publishing Limited, 60/62 Toller Lane, Bradford, England BD8 9BY 
040 |a WAU  |b eng  |e pn  |c WAU  |d TJC  |d OCLCQ  |d IUL  |d OCLCQ  |d CNU  |d OCLCQ  |d GUA  |d OCLCQ  |d VRC  |d UKMGB  |d OCLCQ  |d OCLCF  |d BEDGE  |d OCLCO  |d OCLCQ  |d DLC  |d VT2  |d WaSeSS 
042 |a pcc 
050 0 0 |a HD6060 
130 0 |a Equal opportunities international (Online) 
245 1 0 |a Equal opportunities international  |h [electronic resource]. 
260 |a Bradford, England :  |b Emerald Group Pub.,  |c 1981-2009. 
310 |a Eight issues a year,  |b 1995- 
321 |a Quarterly,  |b 1981-1987 
362 0 |a Began with Vol. 1, issue 1 (1981)-Ceased with Vol. 28, issue 8 (2009). 
506 |a License restrictions may limit access. 
515 |a Some issues combined. 
538 |a Mode of access: World Wide Web. 
588 |a Description based on: Vol. 1, issue 1 (1981); title from issue table of contents (Emerald, viewed Sept. 28, 2004). 
588 |a Latest issue consulted: Vol. 28, issue 8 (2009) (Emerald Insight website, viewed Nov. 30, 2016). 
650 0 |a Women  |x Employment  |v Periodicals. 
650 0 |a Discrimination in employment  |v Periodicals. 
650 7 |a Publications périodiques.  |2 eclas 
650 7 |a Egalité des chances.  |2 eclas 
650 7 |a Discrimination in employment.  |2 fast  |0 (OCoLC)fst00895050 
650 7 |a Women  |x Employment.  |2 fast  |0 (OCoLC)fst01176715 
655 0 |a Electronic journals. 
776 0 8 |i Also issued in print:  |t Equal opportunities international  |x 0261-0159  |w (DLC)sf 93094184  |w (OCoLC)8979483 
785 0 0 |t Equality, diversity and inclusion  |x 2040-7149  |w (DLC) 2010233141  |w (OCoLC)570804199 
850 |a DLC 
853 2 0 |8 1  |a v.  |b no.  |u 8  |v r  |i (year)  |w 8 
856 4 0 |z Full text available from Research Library: 01/01/1992 to 12/31/2009  |u https://search.proquest.com/publication/36568 
863 4 1 |8 1.1  |a 17  |b 1  |i 1998